00828nam a2200181Ia 4500003000900000008004100009040001600050080002200066111012100088245023400209260003500443300001600478490005500494650004100549650001100590650002400601700002100625IN-BaIIA211028s9999 xx 000 0 eng d cIIA Library a524.5(082.2)bTHE aConference on the Distribution and Motion of Interstellar Matter in GalaxiescPrinceton, New Jerseyd1961 Apr. 10-20 4aThe distribution and motion of interstellar matter in galaxiesbproceedings of a conference on the distribution and motion of interstellar matter in galaxies, held in Princeton, New Jersey, April 10-20, 1961cedited by L. Woltjer aNew YorkbW. A. Benjaminc1962 axiii, 330p. aBenjamin books in the planetary and earth sciences aAstronomy and astrophysics thesaurus aGalaxy aInterstellar matter aWoltjer, L., ed.